| 000 | 00441nam a2200181Ia 4500 | ||
|---|---|---|---|
| 003 | GCL | ||
| 008 | 140319s9999 xx 000 0 eng d | ||
| 040 |
_aGCL / _cGCL |
||
| 082 | 0 | 4 |
_aCH _b891.7 _bC B |
| 100 | 1 | _aCORTES, L | |
| 245 | 1 | 0 |
_aBYELORUSSIAN FOLK TALES / _cCORTES, L |
| 260 |
_a[S.N] : _bVYSHEISHAYS ، _c1983 |
||
| 300 | _a150 P | ||
| 650 | 0 | 4 | _aCHILDREN |
| 650 | 0 | 4 | _aFICTION |
| 650 | 0 | 4 | _aCHILDREN - FICTION |
| 942 |
_2ddc _cBK |
||
| 999 |
_c15419 _d15419 |
||